[Event "World op 40th"]
[Site "Philadelphia"]
[Date "2012.07.03"]
[Round "2"]
[White "Molner, Mackenzie"]
[Black "Hess, Robert L"]
[Result "1/2-1/2"]
[WhiteElo "2479"]
[BlackElo "2639"]
[Annotator "Mac"]
[PlyCount "110"]
[EventDate "2012.07.03"]
[EventType "swiss"]
[EventRounds "9"]
[EventCountry "USA"]
[SourceTitle "CBM 149 Extra"]
[Source "ChessBase"]
[SourceDate "2012.08.24"]

1. e4 e5 2. Nf3 Nc6 3. Bc4 Bc5 4. b4 Bxb4 5. c3 Bd6 6. d4 Qe7 7. O-O Nf6 8. Re1
O-O 9. Bg5 Na5 10. Nbd2 b6 11. Bd3 h6 12. Bh4 Bb7 13. Nf1 Qe6 14. d5 Qe7 15.
Ne3 Qd8 16. Ng4 Be7 17. Bxf6 Bxf6 18. Nfxe5 Be7 19. Nxh6+ gxh6 20. Qg4+ Kh8 21.
Qh5 (21. Nxd7 Rg8) 21... Bg5 22. h4 Qe8 23. Nxd7 Qxd7 24. hxg5 f6 25. Qxh6+ Qh7
26. Qxh7+ Kxh7 27. gxf6 Kg8 28. f4 Rxf6 29. f5 Rh6 30. c4 Ba6 31. Rac1 c6 32.
Bf1 Rd8 33. Kf2 Rh1 34. Rc3 Kf7 35. Rg3 Bxc4 36. Bxc4 Rxe1 37. Kxe1 Nxc4 38.
dxc6 Rc8 39. Rh3 Nd6 40. Rh7+ Kg8 41. Re7 Kf8 42. Re6 Nb5 43. Rh6 Kg7 44. Rg6+
Kf7 45. e5 Nd4 46. e6+ Kf8 47. Rg4 Nxf5 48. Rf4 Rxc6 49. Rxf5+ Ke7 50. Rf7+
Kxe6 51. Rxa7 Rc2 52. Kf1 b5 53. Kg1 Kf5 54. Kh2 Kg4 55. Ra5 Rb2 1/2-1/2

[Event "World op 40th"]
[Site "Philadelphia"]
[Date "2012.07.05"]
[Round "3"]
[White "Gupta, Abhijeet"]
[Black "Molner, Mackenzie"]
[Result "1-0"]
[WhiteElo "2627"]
[BlackElo "2479"]
[PlyCount "41"]
[EventDate "2012.07.03"]
[EventType "swiss"]
[EventRounds "9"]
[EventCountry "USA"]
[SourceTitle "CBM 149 Extra"]
[Source "ChessBase"]
[SourceDate "2012.08.24"]

1. d4 Nf6 2. c4 e6 3. Nc3 Bb4 4. Qc2 d5 5. cxd5 exd5 6. Bg5 c5 7. dxc5 h6 8.
Bh4 g5 9. Bg3 Ne4 10. e3 Qa5 11. Rc1 Bf5 12. Bxb8 Rxb8 13. Bd3 Qxa2 14. Nge2
Qa5 15. O-O Nxc3 16. Nxc3 Be6 17. Nb5 a6 18. Nd4 Rc8 19. c6 O-O 20. Qe2 bxc6
21. Qh5 1-0

[Event "Los Angeles Metropolitan 21st"]
[Site "Los Angeles"]
[Date "2012.08.03"]
[Round "1"]
[White "Molner, Mackenzie"]
[Black "Hess, Robert L"]
[Result "1/2-1/2"]
[WhiteElo "2491"]
[BlackElo "2624"]
[PlyCount "105"]
[EventDate "2012.08.03"]
[EventType "tourn"]
[EventRounds "9"]
[EventCountry "USA"]
[EventCategory "10"]
[SourceTitle "EXT 2013"]
[Source "ChessBase"]
[SourceDate "2012.11.22"]

1. e4 e5 2. Nf3 Nc6 3. Bc4 Bc5 4. O-O Nf6 5. d4 Bxd4 6. Nxd4 Nxd4 7. Bg5 Qe7 8.
Na3 d6 9. f4 Be6 10. fxe5 dxe5 11. c3 Bxc4 12. Bxf6 gxf6 13. Nxc4 Ne6 14. b4
Nf4 15. Ne3 Qe6 16. Kh1 Qc6 17. Nd5 Nxd5 18. exd5 Qd6 19. c4 O-O-O 20. Qa4 Kb8
21. Rf3 Rhg8 22. Ra3 a6 23. b5 Ka7 24. bxa6 b6 25. Rc3 Qc5 26. Qc2 Kxa6 27. Rb1
Kb7 28. h3 Ra8 29. Rb5 Qd4 30. c5 Qa4 31. Rcb3 Qxa2 32. c6+ Kb8 33. Rxb6+ cxb6
34. Rxb6+ Kc8 35. Qf5+ Kc7 36. Rb7+ Kd6 37. Qxf6+ Kc5 38. Qe7+ Kd4 39. Qb4+ Kd3
40. Qb5+ Kd4 41. Qb4+ Kxd5 42. Rd7+ Ke6 43. Qd6+ Kf5 44. g4+ Rxg4 45. hxg4+
Kxg4 46. Qd1+ Kg5 47. c7 Qa1 48. Qxa1 Rxa1+ 49. Kg2 Rc1 50. Rxf7 h5 51. Kf3 h4
52. Rg7+ Kf5 53. Rf7+ 1/2-1/2

[Event "Los Angeles Metropolitan 21st"]
[Site "Los Angeles"]
[Date "2012.08.04"]
[Round "2"]
[White "Arnold, Marc Tyler"]
[Black "Molner, Mackenzie"]
[Result "1/2-1/2"]
[WhiteElo "2540"]
[BlackElo "2491"]
[PlyCount "51"]
[EventDate "2012.08.03"]
[EventType "tourn"]
[EventRounds "9"]
[EventCountry "USA"]
[EventCategory "10"]
[SourceTitle "EXT 2013"]
[Source "ChessBase"]
[SourceDate "2012.11.22"]

1. d4 Nf6 2. c4 c5 3. d5 b5 4. cxb5 a6 5. b6 e6 6. Nc3 Nxd5 7. Nxd5 exd5 8.
Qxd5 Nc6 9. Nf3 Rb8 10. e4 Be7 11. Bc4 O-O 12. O-O Rxb6 13. Qh5 d6 14. Ng5 Bxg5
15. Bxg5 Qe8 16. Bf4 Nd4 17. Rac1 Be6 18. Bd3 f6 19. Qxe8 Rxe8 20. b3 Bd7 21.
Be3 Bb5 22. Bxb5 axb5 23. Bxd4 cxd4 24. f3 Ra6 25. Rcd1 Rxa2 26. Rf2 1/2-1/2

[Event "Los Angeles Metropolitan 21st"]
[Site "Los Angeles"]
[Date "2012.08.04"]
[Round "3"]
[White "Molner, Mackenzie"]
[Black "Altounian, Levon"]
[Result "1/2-1/2"]
[WhiteElo "2491"]
[BlackElo "2431"]
[PlyCount "51"]
[EventDate "2012.08.03"]
[EventType "tourn"]
[EventRounds "9"]
[EventCountry "USA"]
[EventCategory "10"]
[SourceTitle "EXT 2013"]
[Source "ChessBase"]
[SourceDate "2012.11.22"]

1. e4 e5 2. Nf3 d6 3. d4 exd4 4. Nxd4 Nf6 5. Nc3 Be7 6. Be2 O-O 7. O-O Re8 8.
Re1 c5 9. Nb3 Nc6 10. Be3 a6 11. f4 b5 12. Bf3 Bb7 13. a3 Bf8 14. Bf2 Nd7 15.
a4 b4 16. Nd5 Nb6 17. c3 a5 18. Nxb6 Qxb6 19. Nd2 Rad8 20. Nc4 Qa6 21. Ne3 Ne7
22. Qd2 Qa8 23. c4 f5 24. Nd5 fxe4 25. Rxe4 Nxd5 26. Rxe8 1/2-1/2

[Event "Los Angeles Metropolitan 21st"]
[Site "Los Angeles"]
[Date "2012.08.05"]
[Round "4"]
[White "Molner, Mackenzie"]
[Black "Matikozian, Andranik"]
[Result "1/2-1/2"]
[WhiteElo "2491"]
[BlackElo "2400"]
[PlyCount "59"]
[EventDate "2012.08.03"]
[EventType "tourn"]
[EventRounds "9"]
[EventCountry "USA"]
[EventCategory "10"]
[SourceTitle "EXT 2013"]
[Source "ChessBase"]
[SourceDate "2012.11.22"]

1. e4 c5 2. Nf3 d6 3. d4 cxd4 4. Nxd4 a6 5. c4 e6 6. Nc3 Nf6 7. Be2 b6 8. O-O
Bb7 9. f3 Be7 10. Be3 O-O 11. Qd2 Nbd7 12. Rfd1 Qc7 13. a4 Rfe8 14. Rac1 Bf8
15. Bf2 Rac8 16. Bf1 Ne5 17. b3 Red8 18. Qa2 Qb8 19. Qb2 g6 20. Nc2 Qc7 21. Re1
Bg7 22. Nd4 Nfd7 23. Qd2 Nc5 24. b4 Ncd7 25. Nb1 Qb8 26. Nb3 Bc6 27. Nc3 Ba8
28. Nb1 Bc6 29. Nc3 Ba8 30. Nb1 1/2-1/2

[Event "Los Angeles Metropolitan 21st"]
[Site "Los Angeles"]
[Date "2012.08.05"]
[Round "5"]
[White "Khachiyan, Melikset"]
[Black "Molner, Mackenzie"]
[Result "1/2-1/2"]
[WhiteElo "2478"]
[BlackElo "2491"]
[PlyCount "35"]
[EventDate "2012.08.03"]
[EventType "tourn"]
[EventRounds "9"]
[EventCountry "USA"]
[EventCategory "10"]
[SourceTitle "EXT 2013"]
[Source "ChessBase"]
[SourceDate "2012.11.22"]

1. Nf3 c5 2. g3 Nc6 3. Bg2 g6 4. c3 Bg7 5. d4 cxd4 6. cxd4 d5 7. O-O e6 8. Nc3
Nge7 9. e3 O-O 10. b3 b6 11. Re1 Ba6 12. Ba3 Rc8 13. Rc1 Re8 14. Bf1 Bxf1 15.
Kxf1 Nf5 16. Kg2 Bf8 17. Bxf8 Rxf8 18. Qd2 1/2-1/2

[Event "Los Angeles Metropolitan 21st"]
[Site "Los Angeles"]
[Date "2012.08.06"]
[Round "6"]
[White "Molner, Mackenzie"]
[Black "Sevillano, Enrico"]
[Result "1/2-1/2"]
[WhiteElo "2491"]
[BlackElo "2526"]
[PlyCount "90"]
[EventDate "2012.08.03"]
[EventType "tourn"]
[EventRounds "9"]
[EventCountry "USA"]
[EventCategory "10"]
[SourceTitle "EXT 2013"]
[Source "ChessBase"]
[SourceDate "2012.11.22"]

1. d4 Nf6 2. c4 c5 3. Nf3 cxd4 4. Nxd4 e5 5. Nb5 d5 6. cxd5 Bc5 7. N5c3 O-O 8.
g3 Qb6 9. e3 Bg4 10. Be2 Bh3 11. g4 Ne8 12. Nd2 Nd7 13. Rg1 f5 14. Rg3 fxg4 15.
Bxg4 Bxg4 16. Qxg4 Ndf6 17. Nc4 Nxg4 18. Nxb6 Bxb6 19. Rxg4 Nf6 20. Rg5 h6 21.
Rxe5 Ng4 22. Re6 Nxf2 23. Ke2 Ng4 24. h3 Nf2 25. Bd2 Nxh3 26. Ne4 Rf5 27. Bc3
Ng5 28. Nxg5 Rxg5 29. Rf1 Rxd5 30. Re7 Rg5 31. Rff7 Rg2+ 32. Ke1 Rg1+ 33. Ke2
Rg2+ 34. Kf3 Rf8 35. Rxf8+ Kxf8 36. Rxb7 Rg5 37. e4 h5 38. e5 h4 39. Bb4+ Ke8
40. e6 Bc5 41. Bxc5 Rxc5 42. Rxg7 h3 43. Kg3 Rc2 44. Kxh3 Rxb2 45. Rxa7 Re2
1/2-1/2

[Event "Los Angeles Metropolitan 21st"]
[Site "Los Angeles"]
[Date "2012.08.06"]
[Round "7"]
[White "Kretchetov, Alexandre"]
[Black "Molner, Mackenzie"]
[Result "1/2-1/2"]
[WhiteElo "2343"]
[BlackElo "2491"]
[PlyCount "69"]
[EventDate "2012.08.03"]
[EventType "tourn"]
[EventRounds "9"]
[EventCountry "USA"]
[EventCategory "10"]
[SourceTitle "EXT 2013"]
[Source "ChessBase"]
[SourceDate "2012.11.22"]

1. Nf3 Nf6 2. c4 g6 3. Nc3 d5 4. cxd5 Nxd5 5. d4 Bg7 6. Qb3 Nb6 7. e4 O-O 8.
Be3 Bg4 9. Rd1 Nc6 10. d5 Ne5 11. Be2 Nxf3+ 12. gxf3 Bh5 13. Nb5 Qd7 14. h3 Nc8
15. Nd4 Nd6 16. Qc2 e5 17. dxe6 fxe6 18. f4 Bxe2 19. Nxe2 Qb5 20. O-O e5 21.
Qxc7 Qxe2 22. Rxd6 exf4 23. Rd7 Qxb2 24. Bxf4 Rac8 25. Qd6 Qxa2 26. Rxb7 Rf7
27. Rxf7 Qxf7 28. Bg3 Re8 29. Rc1 a5 30. Rc7 Qe6 31. Qxe6+ Rxe6 32. Ra7 Bc3 33.
Bc7 Rxe4 34. Bxa5 Bd4 35. Rd7 1/2-1/2

[Event "Los Angeles Metropolitan 21st"]
[Site "Los Angeles"]
[Date "2012.08.07"]
[Round "9"]
[White "Yankovsky, Roman"]
[Black "Molner, Mackenzie"]
[Result "1-0"]
[WhiteElo "2468"]
[BlackElo "2491"]
[PlyCount "75"]
[EventDate "2012.08.03"]
[EventType "tourn"]
[EventRounds "9"]
[EventCountry "USA"]
[EventCategory "10"]
[SourceTitle "EXT 2013"]
[Source "ChessBase"]
[SourceDate "2012.11.22"]

1. e4 c5 2. Nf3 d6 3. d4 cxd4 4. Nxd4 Nf6 5. Nc3 a6 6. Be2 e5 7. Nb3 Be7 8. g4
h6 9. Be3 Be6 10. Bf3 Nbd7 11. Qe2 b5 12. Nd5 Bxd5 13. exd5 Qc7 14. O-O-O a5
15. Qxb5 a4 16. Qc6 Qd8 17. Nc5 O-O 18. Nxd7 Nxd7 19. a3 Ra5 20. Bd2 Rc5 21.
Qxa4 Bg5 22. Qe4 Bxd2+ 23. Rxd2 Qb6 24. Qe3 Qc7 25. g5 Rc8 26. Be4 h5 27. g6
Nf6 28. Bf5 Rb8 29. gxf7+ Kxf7 30. Rg1 Kf8 31. f4 Qb6 32. Kd1 Qxb2 33. c4 Qb6
34. fxe5 dxe5 35. d6 Qa7 36. d7 Qa4+ 37. Ke1 Qa5 38. Qg5 1-0

[Event "Los Angeles Metropolitan 22nd"]
[Site "Los Angeles"]
[Date "2012.08.14"]
[Round "1"]
[White "Lessler, Peter"]
[Black "Molner, Mackenzie"]
[Result "0-1"]
[WhiteElo "2200"]
[BlackElo "2491"]
[PlyCount "68"]
[EventDate "2012.08.14"]
[EventType "swiss"]
[EventRounds "9"]
[EventCountry "USA"]
[SourceTitle "CBM 150 Extra"]
[Source "ChessBase"]
[SourceDate "2012.10.19"]

1. d4 Nf6 2. c4 e6 3. Nc3 Bb4 4. Qc2 O-O 5. a3 Bxc3+ 6. Qxc3 h6 7. g3 d6 8. Bg2
Nc6 9. Nf3 a5 10. b3 Qe7 11. Bb2 e5 12. dxe5 Re8 13. O-O dxe5 14. Rad1 Bg4 15.
h3 Bf5 16. Qe3 Qe6 17. Kh2 Be4 18. Qc3 Bh7 19. Ne1 a4 20. Bd5 Qe7 21. Bxc6 bxc6
22. b4 Ne4 23. Qe3 Qe6 24. Nf3 f6 25. Rc1 Rad8 26. Kg2 Bf5 27. Rh1 Rd7 28. Qa7
Nd2 29. Qxa4 Be4 30. Bc3 Qf5 31. Bxd2 Rxd2 32. g4 Qf4 33. Rhd1 Red8 34. Rxd2
Qxd2 0-1

[Event "Los Angeles Metropolitan 22nd"]
[Site "Los Angeles"]
[Date "2012.08.15"]
[Round "2"]
[White "Molner, Mackenzie"]
[Black "Remlinger, Larry"]
[Result "1-0"]
[WhiteElo "2491"]
[BlackElo "2330"]
[PlyCount "63"]
[EventDate "2012.08.14"]
[EventType "swiss"]
[EventRounds "9"]
[EventCountry "USA"]
[SourceTitle "CBM 150 Extra"]
[Source "ChessBase"]
[SourceDate "2012.10.19"]

1. d4 Nf6 2. c4 g6 3. Nc3 d5 4. Nf3 Bg7 5. cxd5 Nxd5 6. e4 Nxc3 7. bxc3 c5 8.
Rb1 O-O 9. Be2 Nc6 10. d5 Ne5 11. Nxe5 Bxe5 12. O-O Qc7 13. f4 Bxc3 14. Be3 Bg7
15. Bc4 b6 16. e5 Bf5 17. Rb2 Be4 18. Re1 Rad8 19. Rd2 Kh8 20. Bf2 Bf5 21. Bh4
Rb8 22. d6 exd6 23. exd6 Qd7 24. Re7 Qd8 25. d7 f6 26. Qe1 b5 27. Bf7 c4 28.
Re8 Qb6+ 29. Bf2 Qc7 30. d8=Q Rxd8 31. Rdxd8 Qxf7 32. Bc5 1-0

[Event "Los Angeles Metropolitan 22nd"]
[Site "Los Angeles"]
[Date "2012.08.16"]
[Round "4"]
[White "Sevillano, Enrico"]
[Black "Molner, Mackenzie"]
[Result "1/2-1/2"]
[WhiteElo "2526"]
[BlackElo "2491"]
[PlyCount "34"]
[EventDate "2012.08.14"]
[EventType "swiss"]
[EventRounds "9"]
[EventCountry "USA"]
[SourceTitle "CBM 150 Extra"]
[Source "ChessBase"]
[SourceDate "2012.10.19"]

1. e4 c5 2. c3 d5 3. exd5 Qxd5 4. Nf3 Nf6 5. Na3 e6 6. d4 Qd8 7. Bg5 cxd4 8.
Nxd4 Be7 9. Ndb5 O-O 10. Qxd8 Bxd8 11. Nd6 Nc6 12. Be2 Nd5 13. Bxd8 Rxd8 14.
Nxc8 Raxc8 15. g3 Nb6 16. Nc2 Na4 17. Rb1 Kf8 1/2-1/2

[Event "Los Angeles Metropolitan 22nd"]
[Site "Los Angeles"]
[Date "2012.08.17"]
[Round "6"]
[White "Young, Gregory G"]
[Black "Molner, Mackenzie"]
[Result "1/2-1/2"]
[WhiteElo "2368"]
[BlackElo "2491"]
[PlyCount "79"]
[EventDate "2012.08.14"]
[EventType "swiss"]
[EventRounds "9"]
[EventCountry "USA"]
[SourceTitle "CBM 150 Extra"]
[Source "ChessBase"]
[SourceDate "2012.10.19"]

1. e4 c5 2. Nf3 d6 3. d4 cxd4 4. Nxd4 Nf6 5. Nc3 a6 6. Bc4 e6 7. Bb3 Be7 8. f4
O-O 9. f5 e5 10. Nf3 Nbd7 11. Bg5 b5 12. Bxf6 Nxf6 13. Qe2 Bb7 14. O-O-O Rc8
15. Nd5 Bxd5 16. Bxd5 Rc5 17. Kb1 Qc7 18. Rd3 Rc8 19. c3 b4 20. Rc1 Nxd5 21.
Rxd5 Rxd5 22. exd5 Qd7 23. Qe4 bxc3 24. Rxc3 Rxc3 25. bxc3 g6 26. g4 Qb5+ 27.
Kc2 Bd8 28. Nd2 Bg5 29. Qc4 Bxd2 30. Qxb5 axb5 31. Kxd2 Kf8 32. c4 bxc4 33.
fxg6 fxg6 34. Kc3 g5 35. Kxc4 Ke8 36. Kc3 Kd8 37. Kc4 Kc8 38. Kb5 Kb7 39. Ka5
Ka7 40. Kb5 1/2-1/2

[Event "Los Angeles Metropolitan 22nd"]
[Site "Los Angeles"]
[Date "2012.08.17"]
[Round "7"]
[White "Molner, Mackenzie"]
[Black "Sevian, Samuel"]
[Result "1-0"]
[WhiteElo "2491"]
[BlackElo "2316"]
[PlyCount "109"]
[EventDate "2012.08.14"]
[EventType "swiss"]
[EventRounds "9"]
[EventCountry "USA"]
[SourceTitle "CBM 150 Extra"]
[Source "ChessBase"]
[SourceDate "2012.10.19"]

1. e4 e5 2. Nf3 Nc6 3. Bc4 Nf6 4. Ng5 d5 5. exd5 Na5 6. Bb5+ c6 7. dxc6 bxc6 8.
Bd3 Ng4 9. Ne4 f5 10. Be2 h5 11. h3 fxe4 12. hxg4 Bc5 13. b4 Qd4 14. bxc5 O-O
15. O-O Qxa1 16. Nc3 e3 17. gxh5 exf2+ 18. Rxf2 Rxf2 19. Kxf2 Be6 20. Ba3 Qxd1
21. Bxd1 Rf8+ 22. Kg1 Rf4 23. g3 Rd4 24. d3 Bxa2 25. Nxa2 Ra4 26. Bb2 Rxa2 27.
Bxe5 Nb7 28. Kf2 Nxc5 29. Ke3 a5 30. Kd2 Nd7 31. Bc3 Nb6 32. Bd4 Nd5 33. Kc1
Ra4 34. c4 Rb4 35. Bc5 Nc7 36. Bxb4 axb4 37. c5 Kf8 38. Bb3 Nb5 39. Kd2 Nd4 40.
Ba4 Ne6 41. Bxc6 Nxc5 42. Bd5 Ke7 43. d4 Na4 44. Bb3 Nc3 45. Kd3 Kf6 46. g4 Kg5
47. Be6 Kh4 48. Kc4 Ne2 49. d5 Nf4 50. Bf5 Kg5 51. d6 Kf6 52. Kxb4 Kf7 53. Kc5
Ke8 54. g5 Kd8 55. h6 1-0

[Event "USA tt"]
[Site "ICC INT"]
[Date "2012.09.05"]
[Round "1"]
[White "Matikozian, Andranik"]
[Black "Molner, Mackenzie"]
[Result "0-1"]
[WhiteElo "2411"]
[BlackElo "2489"]
[PlyCount "72"]
[EventDate "2012.09.04"]
[EventType "team-tourn"]
[EventRounds "10"]
[EventCountry "USA"]
[SourceTitle "CBM 150 Extra"]
[Source "ChessBase"]
[SourceDate "2012.10.19"]
[WhiteTeam "Los Angeles"]
[BlackTeam "Arizona"]
[WhiteTeamCountry "USA"]
[BlackTeamCountry "USA"]

1. e4 c5 2. Nf3 d6 3. Nc3 Nf6 4. d4 cxd4 5. Nxd4 a6 6. Bc4 e6 7. O-O Be7 8. Bb3
O-O 9. Qf3 Nbd7 10. Qg3 Nh5 11. Qh3 Nhf6 12. f4 Nc5 13. Qf3 Qc7 14. Bd2 b5 15.
e5 dxe5 16. fxe5 Bb7 17. exf6 Bxf3 18. fxe7 Qxe7 19. Rxf3 Rac8 20. Raf1 Qd7 21.
Be3 b4 22. Nce2 Nxb3 23. cxb3 f6 24. Rg3 Rf7 25. a3 a5 26. a4 Kh8 27. Nb5 e5
28. Bb6 Qd2 29. Kf2 f5 30. Re3 Qd5 31. g3 f4 32. gxf4 exf4 33. Rf3 Rc2 34. Nbd4
Rxb2 35. Rc1 h6 36. Rc5 Qxd4+ 0-1

[Event "USA tt"]
[Site "ICC INT"]
[Date "2012.09.10"]
[Round "2"]
[White "Molner, Mackenzie"]
[Black "Erenburg, Sergey"]
[Result "1/2-1/2"]
[WhiteElo "2489"]
[BlackElo "2629"]
[PlyCount "138"]
[EventDate "2012.09.04"]
[EventType "team-tourn"]
[EventRounds "10"]
[EventCountry "USA"]
[SourceTitle "CBM 150 Extra"]
[Source "ChessBase"]
[SourceDate "2012.10.19"]
[WhiteTeam "Arizona"]
[BlackTeam "Philadelphia"]
[WhiteTeamCountry "USA"]
[BlackTeamCountry "USA"]

1. e4 e5 2. Nf3 Nc6 3. Bc4 Bc5 4. b4 Bxb4 5. c3 Be7 6. d4 Na5 7. Bd3 d6 8. dxe5
dxe5 9. Nxe5 Nf6 10. O-O O-O 11. Qc2 Bd6 12. Nf3 Nc6 13. Bg5 h6 14. Bh4 g5 15.
Bg3 Nh5 16. Nbd2 Bg4 17. Rfe1 Nxg3 18. hxg3 Qf6 19. Rab1 Rab8 20. Nc4 Bxf3 21.
gxf3 b5 22. Nxd6 cxd6 23. Bxb5 Ne5 24. Be2 Nxf3+ 25. Bxf3 Qxf3 26. Re3 Qf6 27.
Kg2 Rfc8 28. Rb3 Qe7 29. Qd2 Qe6 30. Qb2 Rxb3 31. Qxb3 Qc4 32. Qxc4 Rxc4 33.
Rd3 Rc6 34. Kf3 Kg7 35. Ke3 Kf6 36. Kd4 Ke6 37. f4 Ra6 38. Rd2 Ra4+ 39. c4 Ra3
40. Rh2 Ke7 41. Rxh6 Rxg3 42. fxg5 Rxg5 43. Rh3 Ra5 44. a3 Ke6 45. Rb3 Ra6 46.
Rf3 Rb6 47. Rf5 Ra6 48. Rf3 Ra5 49. Rb3 Kd7 50. Rb7+ Ke6 51. Rb3 Kd7 52. Rb7+
Kc6 53. Rxf7 Rxa3 54. Rf6 Ra5 55. Rf7 Ra1 56. Rf6 Rd1+ 57. Kc3 Rc1+ 58. Kd4 Re1
59. Rf5 Ra1 60. Rf6 Rd1+ 61. Kc3 Re1 62. Kd4 a5 63. Rf5 Ra1 64. Kc3 Ra3+ 65.
Kb2 Ra4 66. Kb3 Ra1 67. Kb2 Ra4 68. Kb3 Ra1 69. Kb2 Ra4 1/2-1/2

[Event "USA tt"]
[Site "ICC INT"]
[Date "2012.10.04"]
[Round "5"]
[White "Molner, Mackenzie"]
[Black "Kraai, Jesse"]
[Result "1/2-1/2"]
[WhiteElo "2489"]
[BlackElo "2514"]
[PlyCount "86"]
[EventDate "2012.09.04"]
[EventType "team-tourn"]
[EventRounds "10"]
[EventCountry "USA"]
[SourceTitle "CBM 150 Extra"]
[Source "ChessBase"]
[SourceDate "2012.10.19"]
[WhiteTeam "Arizona"]
[BlackTeam "San Francisco"]
[WhiteTeamCountry "USA"]
[BlackTeamCountry "USA"]

1. Nf3 Nf6 2. g3 d5 3. Bg2 c6 4. O-O Bg4 5. d3 Nbd7 6. h3 Bxf3 7. Bxf3 e6 8.
Nc3 Be7 9. Bg2 b5 10. e4 b4 11. Ne2 O-O 12. g4 dxe4 13. dxe4 Nc5 14. e5 Nd5 15.
Nd4 Qb6 16. Qe2 Rfd8 17. a3 Nd7 18. Rd1 bxa3 19. c4 axb2 20. Qxb2 Nb4 21. Bd2
Nxe5 22. Nxe6 fxe6 23. Qxe5 Qxf2+ 24. Kxf2 Nd3+ 25. Ke2 Nxe5 26. Bc3 Rxd1 27.
Rxd1 Nxc4 28. Bxc6 Rd8 29. Bd7 Kf7 30. Rf1+ Bf6 31. Ba4 Kg6 32. Bc2+ Kg5 33.
Be1 Rb8 34. Kf3 Bb2 35. h4+ Kh6 36. Kg3 Be5+ 37. Kh3 Rb2 38. g5+ Kh5 39. Rf2
Ne3 40. Bxh7 Rxf2 41. Bxf2 Bd4 42. Bg8 Kg6 43. Bxe6 a5 1/2-1/2

[Event "USA tt"]
[Site "ICC INT"]
[Date "2012.10.31"]
[Round "9"]
[White "Diamant, Andre"]
[Black "Molner, Mackenzie"]
[Result "1/2-1/2"]
[WhiteElo "2471"]
[BlackElo "2489"]
[PlyCount "112"]
[EventDate "2012.09.04"]
[EventType "team-tourn"]
[EventRounds "10"]
[EventCountry "USA"]
[SourceTitle "EXT 2013"]
[Source "ChessBase"]
[SourceDate "2012.11.22"]
[WhiteTeam "St Louis"]
[BlackTeam "Arizona"]
[WhiteTeamCountry "USA"]
[BlackTeamCountry "USA"]

1. c4 c5 2. Nc3 Nc6 3. Nf3 Nf6 4. g3 d5 5. cxd5 Nxd5 6. Bg2 g6 7. O-O Bg7 8. d3
Nxc3 9. bxc3 O-O 10. Be3 b6 11. d4 Bb7 12. dxc5 Na5 13. Qa4 bxc5 14. Rfd1 Bc6
15. Qa3 Qc7 16. Qxc5 Nb7 17. Qa3 Rfc8 18. Rab1 Nd6 19. Bf4 Be4 20. Rb4 Bc2 21.
Rc1 Qxc3 22. Qxc3 Bxc3 23. Bxd6 exd6 24. Nd4 Bxb4 25. Bxa8 Rxa8 26. Rxc2 Bc5
27. Nb3 Rc8 28. e3 f5 29. Kf1 Kf7 30. Ke2 Ke6 31. Kd3 Kd5 32. Rc4 Rb8 33. Ra4
Rb7 34. h4 Bb6 35. h5 g5 36. Rb4 Rf7 37. a4 Bc5 38. Rb8 f4 39. Nxc5 fxg3 40.
fxg3 dxc5 41. Rg8 c4+ 42. Kc3 h6 43. Rd8+ Ke4 44. Rd6 Kxe3 45. Rxh6 Kf3 46. Rg6
g4 47. h6 Rh7 48. Kxc4 Kxg3 49. Rg7 Rxh6 50. Rxa7 Kh3 51. Rg7 g3 52. a5 g2 53.
Kb5 Kh2 54. a6 Rxa6 55. Kxa6 g1=Q 56. Rxg1 Kxg1 1/2-1/2

[Event "USA tt"]
[Site "ICC INT"]
[Date "2012.11.05"]
[Round "10"]
[White "Molner, Mackenzie"]
[Black "Schroer, Jonathan"]
[Result "1-0"]
[WhiteElo "2489"]
[BlackElo "2353"]
[PlyCount "85"]
[EventDate "2012.09.04"]
[EventType "team-tourn"]
[EventRounds "10"]
[EventCountry "USA"]
[SourceTitle "EXT 2013"]
[Source "ChessBase"]
[SourceDate "2012.11.22"]
[WhiteTeam "Arizona"]
[BlackTeam "Carolina"]
[WhiteTeamCountry "USA"]
[BlackTeamCountry "USA"]

1. e4 e5 2. Nf3 Nc6 3. Bc4 Bc5 4. b4 Bxb4 5. c3 Ba5 6. d4 d6 7. Qb3 Qd7 8. Nbd2
Bb6 9. a4 Nf6 10. a5 Nxa5 11. Rxa5 Bxa5 12. dxe5 Ng4 13. exd6 O-O 14. h3 Nh6
15. Ba3 cxd6 16. O-O Bb6 17. Bd5 Kh8 18. e5 Bc5 19. Bb2 dxe5 20. Ne4 Be7 21.
Nxe5 Qe8 22. c4 f6 23. Nf3 a5 24. c5 a4 25. Qc3 Qb5 26. g4 Qa5 27. Qe3 a3 28.
Bc3 Qd8 29. Ba2 Qe8 30. Re1 Bd7 31. Neg5 Bd8 32. Qd3 fxg5 33. Rxe8 Bxe8 34. Ne5
Bf6 35. Bb1 g6 36. Qd6 Kg7 37. Nxg6 Bxg6 38. Qe7+ Rf7 39. Bxf6+ Kg8 40. Ba2 Bb1
41. Bxf7+ Nxf7 42. Qxb7 Re8 43. Qxb1 1-0

[Event "USA tt playoff"]
[Site "ICC INT"]
[Date "2012.11.15"]
[Round "1"]
[White "Molner, Mackenzie"]
[Black "Diamant, Andre"]
[Result "1/2-1/2"]
[WhiteElo "2489"]
[BlackElo "2481"]
[PlyCount "60"]
[EventDate "2012.11.12"]
[EventType "team-k.o."]
[EventRounds "3"]
[EventCountry "USA"]
[SourceTitle "CBM 151 Extra"]
[Source "ChessBase"]
[SourceDate "2012.12.18"]
[WhiteTeam "Arizona"]
[BlackTeam "St Louis"]
[WhiteTeamCountry "USA"]
[BlackTeamCountry "USA"]

1. e4 c5 2. Nf3 Nc6 3. d4 cxd4 4. Nxd4 g6 5. c4 Nf6 6. Nc3 d6 7. Be2 Nxd4 8.
Qxd4 Bg7 9. Be3 O-O 10. Qd2 a5 11. Rc1 a4 12. Rc2 Qa5 13. f3 Bd7 14. O-O Rfc8
15. Rfc1 Be6 16. Bf1 Nd7 17. Qf2 Qb4 18. Nb5 Qa5 19. Rb1 Qd8 20. Nd4 Nc5 21. b4
axb3 22. axb3 Bd7 23. b4 Ne6 24. Nxe6 Bxe6 25. c5 dxc5 26. bxc5 Qc7 27. Bc4
Bxc4 28. Rxc4 Ra1 29. Rxa1 Bxa1 30. Rc1 Bg7 1/2-1/2

[Event "Saint Louis op 3rd"]
[Site "Saint Louis"]
[Date "2012.11.23"]
[Round "2"]
[White "Cao, Kevin Y"]
[Black "Molner, Mackenzie"]
[Result "1/2-1/2"]
[WhiteElo "2209"]
[BlackElo "2489"]
[PlyCount "108"]
[EventDate "2012.11.23"]
[EventType "swiss"]
[EventRounds "6"]
[EventCountry "USA"]
[SourceTitle "CBM 151 Extra"]
[Source "ChessBase"]
[SourceDate "2012.12.18"]

1. e4 c5 2. Nf3 d6 3. d4 cxd4 4. Nxd4 Nf6 5. Nc3 a6 6. Be2 e5 7. Nb3 Be7 8. O-O
O-O 9. Qd3 Be6 10. Nd5 Bxd5 11. exd5 Nbd7 12. Be3 Ne8 13. f4 Bf6 14. c3 exf4
15. Bxf4 Be5 16. Rad1 Rc8 17. Qh3 Nef6 18. Bxe5 Nxe5 19. Rd4 Re8 20. Nd2 Ng6
21. Bd3 Qe7 22. Ne4 Nxe4 23. Rxe4 Qc7 24. Rd4 Nf8 25. Kh1 Qd8 26. Qh5 g6 27.
Qf3 Rc7 28. Rf4 Ree7 29. Rf6 Rcd7 30. Qf4 Qb6 31. Be2 Qe3 32. Qxe3 Rxe3 33. Bg4
Rde7 34. Rxd6 f5 35. Bf3 Nd7 36. c4 Kf7 37. Re6 Ne5 38. Rxe7+ Kxe7 39. b3 Kd6
40. Kg1 Rd3 41. Re1 b6 42. Kf2 Rd2+ 43. Re2 Nd3+ 44. Ke3 Rxe2+ 45. Bxe2 Nc1 46.
Bd1 Nxa2 47. Kf4 h6 48. h4 Nb4 49. h5 Nd3+ 50. Ke3 Ne5 51. Kf4 Nd3+ 52. Ke3 Ne5
53. hxg6 Nxg6 54. Bc2 Ke5 1/2-1/2